000 00819nam a2200253 a 4500
001 000004565
005 20200929151448.0
008 921223s1993 sp 000 f spa
020 _a8401491363
020 _a8401496756
040 _aDO-SdBNP
_bspa
_cBNPHU
082 _a843.54
_bA832h, 1994
100 1 _aAsimov, Isaac,
_d1920-1992.
_913328
240 1 0 _aForward the foundation.
_lEspañol
245 1 0 _aHacia la fundación /
_cIsaac Asimov; traducción, Albert Solé.
250 _a2a ed.
260 _aBarcelona :
_bPlaza & Janés,
_c1993.
300 _a446 p. ;
_c18 cm.
490 1 _aLos JET de Plaza & Janés ;
_v136/25.
650 4 _aNovela estadounidense
_9262
650 4 _aLiteratura estadounidense
_9263
700 1 _aSolé, Albert ;
_etr.
_913331
830 4 _aLos JET de Plaza & Janés ;
_n136/25.
_913332
999 _c4373
_d4373